000 00552nam a2200193Ia 4500
005 20260114185844.0
008 008 260114s9999 xx 000 0 eng d
020 _a9781472559531
037 _aEBOOK
040 _aCRL
_beng
_cCRL
041 _aeng
_2eng
084 _qCRL
100 _aFiona Cownie
_9875242
245 0 _aLegal Academics Culture and Identities
260 _bBloomsbury
_c2004
856 _uhttps://doi.org/10.5040/9781472559531?locatt=label:secondary_bloomsburyCollections
942 _cEBOOK
999 _c1474176
_d1474176